000 00689nam a2200241 i 4500
001 C2-0288337
003 PPAK
005 20180728021450.0
008 080505s2007 nyu |||| ||||| | eng d
020 _a9780307337207
040 _aPPAK
_beng
_cPPAK
_erda
082 0 4 _a658.4092
_223
090 0 0 _a658.4092
_bBAU
_dLCK
100 1 _aBaum, Stephen H.,
_eauthor
245 1 0 _aWhat made Jack Welch :
_bhow ordinary people become extraordinary leaders
264 1 _aNew York :
_bRandon House, Inc. ,
_c2007
300 _a276 pages ;
_c24 cm
336 _2rdacontent
_atext
337 _2rdamedia
_aunmediated
338 _2rdacarrier
_avolume
650 1 0 _aLeadership.
942 _ddc
_cB
999 _c93965
_d93965